| 000 | 01929nam0a2200349 4500 | ||
|---|---|---|---|
| 001 | RU\NLR\BIBL_A\011347250 | ||
| 005 | 20241105165122.0 | ||
| 010 |
_a9785990787933 _950 |
||
| 021 |
_aRU _b2017-398и _933и |
||
| 035 | _a(RuMoRGB)008816088 | ||
| 035 | _a(NLR Aleph) 011347250 | ||
| 090 |
_a11225002 _c11225002 |
||
| 100 | _a20170316d2016 u y0rusy50 ca | ||
| 101 | 0 | _arus | |
| 102 | _aRU | ||
| 105 | _aach|zzzz0||zd | ||
| 200 | 1 |
_aАллегории времени _eживопись, акварель, эмаль _e[альбом ] _fСветлана Пономаренко (Савина) _gСанкт-Петербургская государственная художественно-промышленная академия им. А. Л. Штиглица, Союз художников России _g[авт. ст.: О. Н. Мусакова, Р. А. Бахтияров] |
|
| 210 |
_aСанкт-Петербург _cСПГХПА _d2016 |
||
| 215 |
_a163 с. _cил., цв. ил., цв. портр., факс. _d31 |
||
| 300 | _aНа обороте тит. л. авт.: засл. художник России, проф. Светлана Пономаренко (Савина) | ||
| 600 | 1 |
_aПономаренко _bС. П. _f1946 _gСветлана Петровна _jАльбомы _92092233 _3RU\NLR\AUTH\661266260 |
|
| 686 |
_aЩ143(2Р=Р)7-8Пономаренко С.П.4я61 _2rubbk |
||
| 686 |
_aЩ125.443(2Р=Р)7-8Пономаренко С.П.44я61 _2rubbk |
||
| 686 |
_aЩ125.440.806я61 _2rubbk |
||
| 686 | 1 | _aЩ143(2Р=Рус)7-8Пономаренко я61 | |
| 686 | 1 | _aЩ125.444.3(2Р=Рус)7-8Пономаренко я61 | |
| 700 | 1 |
_aПономаренко _bС. П. _cхудожник _f1946- _gСветлана Петровна _9167496 _3RU\NLR\AUTH\770167543 |
|
| 942 | _cBOOK | ||
| 980 | _aNBR | ||